Which Country - East Asian Place Names - Statistics

General Stats
  • This quiz has been taken 8 times
  • The average score is 15 of 16
Answer Stats
Question Answer % Correct
Ningxiang China
100%
Chongzhou China
100%
Xiaoyi China
100%
Pengzhou China
100%
Katsuyama Japan
100%
Aizuwakamatsu Japan
100%
Shikokuchuo Japan
100%
Yawatahama Japan
100%
Singhanakhon Thailand
100%
Mueang Kaen Phatthana Thailand
100%
Kamphaeng Phet Thailand
100%
Binh Minh Vietnam
100%
Nga Nam Vietnam
100%
Aranyaprathet Thailand
83%
Dong Trieu Vietnam
83%
Dien Ban Vietnam
67%
No matching quizzes found
Score Distribution
Percent of People with Each Score
Percentile by Number Answered
Your Score History
You have not taken this quiz